Governorates in Lebanon - Statistics

General Stats
  • This quiz has been taken 191 times
  • The average score is 4 of 6
Answer Stats
Answer % Correct
Beirut
87%
North
82%
South
82%
Mount Lebanon
78%
Bekaa
60%
Nabatieh
43%
No matching quizzes found
Score Distribution
Percent of People with Each Score
Percentile by Number Answered
Your Score History
You have not taken this quiz